There ain't no black in the Union Jack : the cultural politics of race and nation
Saved in:
| Main Author: | |
|---|---|
| Format: | Book |
| Language: | English |
| Published: |
London :
Routledge,
2002, 2007
|
| Series: | Routledge classics
|
| Subjects: | |
| Tags: |
Add Tag
No Tags, Be the first to tag this record!
|
MARC
| LEADER | 00000nam a2200000 i 4500 | ||
|---|---|---|---|
| 001 | 1/78410 | ||
| 008 | 080321r20072002 eng d | ||
| 020 | |a 978-0-415-28980-1 | ||
| 020 | |a 0-415-28980-7 | ||
| 035 | |l 10095726 | ||
| 040 | |a GR-MY-UA |b gre |e aacr | ||
| 041 | 0 | |a eng | |
| 082 | 0 | |a 323.141 |2 (22) | |
| 100 | 1 | |a Gilroy, Paul. | |
| 245 | 1 | 0 | |a There ain't no black in the Union Jack : |b the cultural politics of race and nation / |c Paul Gilroy |
| 260 | |a London : |b Routledge, |c 2002, 2007 | ||
| 300 | |a xxxix, 366 σ.; |c 20 εκ. | ||
| 490 | 1 | |a Routledge classics | |
| 504 | |a Βιβλιογραφία: σ. [345]-362 | ||
| 504 | |a Ευρετήριο: σ. [363]-366 | ||
| 650 | 0 | 0 | |a Blacks |z Great Britain |x Politics and government. |
| 650 | 0 | 0 | |a Blacks |z Great Britain |x Social conditions. |
| 650 | 0 | 0 | |a Racism |z Great Britain. |
| 651 | 0 | |a Great Britain |x Race relations. | |
| 830 | 0 | |a Routledge classics | |
| 852 | |a INST |b LESVOS |e 20080321 |h 323.141 GIL |p 005100040558 |q 005100040558 |t BK |y 0 | ||
| 901 | |a BIBL1-2008-1 | ||
| 909 | |a Λ |b 143116 | ||
| 922 | |a 1ΕΛΗ |b 200712 |c ΕΠΕΑΕΚ2/ΤΚΑ |d ΠΑΠΑΣΩΤΗΡΙΟΥ | ||
| 970 | |a ΧΑΤΖΗΜΙΧΑΗΛ |b ΜΑΡΙΑ |z 2008/03/21 | ||